1288 1927 1506 1374 1804 1315 1655 1724 1556 1085 1549 1899 1962 1012 1028 1819 1849 1682 1701 1271 1486 1025 1563 1565 1194 1349 1974 1879 1125 1486 1378 1471 1050 1580 1207 1256 1439 1835 1029 1119 1050 1968 1715 1959 1737 1995 1749 1341 1618 1551 1773 1519 1088 1212 1754 1342 1800 1828 1155 1355 1229 1007 1815 1778 1269 1257 1135 1253 1130 1342 1797 1689 1993 1110 1301 1039 1815 1510 1395 1061 1617 1706 1095 1977 1423 1111 1001 1817 1316 1141 1393 1149 1227 1838 1948 1286 1218 1316 1950 BCNSPRNW ULIB Ver.6.0+V

เปลี่ยนเป็นภาษาไทย

Change to English
 แสดงรายละเอียดบรรณานุกรม
  กลับหน้าหลัก

Brief Record : Get Marc (ISO 2709) : E-mail record : QR code < ปิดหน้าต่าง
LEADER : 00000nam 2200000uu 4500
001    13399113980
003     ULIB
008    110627s||||||||th 000 0 tha d
020    9789749601648
090    นว.^bร942ฮ ล.7 2550
100 0  โรว์ลิ่ง, เจ.เค.
245 00 แฮร์รี่ พอตเตอร์ กับเครื่องรางยมทูต เล่ม7/^cโรว์ลิ่ง, เจ.เค.
250    พิมพ์ครั้งที่ 8
260    กรุงเทพฯ :^bนานมีบุ๊คส์,^c2550
300    970 หน้า
710 1  นานมีบุ๊คส์
945    ^p495^l0^i022285
995    ทศพร
999 ^a ใช้งานได้ทุกระบบ
รายการนี้ยังไม่มีแท็ก
คุณยังไม่ได้ล็อกอิน คุณสามารถมีกิจกรรมร่วมกับเว็บไซต์ได้ แต่ต้องล็อกอินก่อน ::
  ล็อกอิน

รายการสื่อสารสนเทศ

ลำดับที่ ประเภท เลขเรียก/บาร์โค้ด สถานที่ สถานะ
1. นวนิยาย
นวนิยาย
นว. ร942ฮ ล.7 2550 ฉ.1 
  Barcode: 022285
ห้องสมุดวิทยาเขตสวรรค์ประชารักษ์
►นวนิยาย
บนชั้น
  ขอยืม

รายการใกล้เคียง
    ผู้แต่ง [โรว์ลิ่ง, เจ.เค.]

BibComment


ยังไม่เคยถูกคอมเมนท์

คอมเมนท์ทรัพยากรรายการนี้
  คอมเมนท์: แฮร์รี่ พอตเตอร์ ..


 Copyright 2026. Bcnsprnw @Library